000 00460nam a22001817a 4500
003 SGT
020 _a9789358798074
082 _a617.632
_bB25Y
100 _aYadav, Priya
245 _aBiomarkers in Periodontitis and Peri-Implantitis
250 _a1st Ed.
260 _aLunawada, India
_bRed'Shine Publication Pvt. Ltd.
_c2025
300 _a99
650 _aPeriodontology
700 _aBhatnagar, Anurag
700 _aBhardwaj, Amit
942 _2ddc
_cBK
999 _c32296
_d32296